Sports Quiz

Random Sports or Football Quiz

Highest Transfer by Coach Quiz Stats

 Plays Quiz not verified by Sporcle

Score 0/20 Timer 05:00
0 Plays Today
% Correct
Arsène Wenger
94.4%
Sir Alex Ferguson
93.6%
José Mourinho
91.9%
Luis Enrique
91%
Brendan Rogers
87.6%
Louis van Gaal
84.2%
Roberto Mancini
83.8%
Massimiliano Allegri
83.3%
Carlo Ancelotti
82.9%
Diego Simone
82.5%
% Correct
Pep Guardiola
82.1%
Mark Hughes
71.4%
Manuel Pellegrini
65%
Marcello Lippi
65%
Rafael Benítez
59.8%
Unai Emery
55.1%
Luciano Spalletti
50.4%
Sven-Göran-Eriksson
44.9%
Fabio Capello
41%
Claudio Ranieri
38.5%

You're not logged in!

Compare scores with friends on all Sporcle quizzes.
OR
Log In

Sporcle TV

Today on Sporcle TV


Watch our educational content, quiz creation guides, and fun videos on Sporcle TV.

Show Comments

Extras

Top Quizzes Today


Score Distribution

Your Account Isn't Verified!

In order to create a playlist on Sporcle, you need to verify the email address you used during registration. Go to your Sporcle Settings to finish the process.

Report this User

Report this user for behavior that violates our Community Guidelines.

Details: